Third five-year plan

Salvato in:
Dettagli Bibliografici
Natura: Libro
Lingua:Undetermined
Pubblicazione: India Planning Commission 1961
Soggetti:
Tags: Aggiungi Tag
Nessun Tag, puoi essere il primo ad aggiungerne! !
Thư viện lưu trữ: Trung tâm Học liệu Trường Đại học Cần Thơ
LEADER 00460nam a2200181Ia 4500
001 CTU_92781
008 210402s9999 xx 000 0 und d
082 |a 338.954 
082 |b T445 
245 0 |a Third five-year plan 
245 0 |c Government of India 
260 |a India 
260 |b Planning Commission 
260 |c 1961 
650 |a India 
650 |x Economic policy 
904 |i Nguyên 
980 |a Trung tâm Học liệu Trường Đại học Cần Thơ